Από την Τζενίν στη Γάζα: αίτια και αποτελέσματα του πολιτικού αδιεξόδου στο Παλαιστινιακό πρόβλημα : διπλωματική εργασία [μεταπτυχιακή εργασία]
Αποθηκεύτηκε σε:
| Κύριος συγγραφέας: | |
|---|---|
| Συγγραφή απο Οργανισμό/Αρχή: | |
| Άλλοι συγγραφείς: | |
| Μορφή: | Thesis Βιβλίο |
| Γλώσσα: | Greek |
| Δημοσίευση: |
2010
|
| Θέματα: | |
| Διαθέσιμο Online: | http://hdl.handle.net/11610/12266 |
| Ετικέτες: |
Προσθήκη ετικέτας
Δεν υπάρχουν, Καταχωρήστε ετικέτα πρώτοι!
|
MARC
| LEADER | 00000cam a2200000 i 4500 | ||
|---|---|---|---|
| 001 | 1/13964 | ||
| 008 | 110627s2010 gre d | ||
| 035 | |l 10110397 | ||
| 040 | |a GR-MY-UA |b gre |e aacr | ||
| 041 | 0 | |a gre | |
| 082 | 0 | |a 320.540956 |2 (22) | |
| 100 | 1 | |a Βουλή, Τσαμπίκα. | |
| 245 | 1 | 0 | |a Από την Τζενίν στη Γάζα: αίτια και αποτελέσματα του πολιτικού αδιεξόδου στο Παλαιστινιακό πρόβλημα : |b διπλωματική εργασία [μεταπτυχιακή εργασία] / |c Βουλή Τσαμπίκα ; επιβλέπουσα: Κεφαλά Παρασκευή |
| 260 | |c 2010 | ||
| 300 | |a 52 σ.; |c 30 εκ. | ||
| 500 | |a Μέλη εξεταστικής επιτροπής: Ντάλης Σωτήρης, Σεϊμένης Ιωάννης | ||
| 502 | |a Διατριβή (μεταπτυχιακή) – Πανεπιστήμιο Αιγαίου, Ρόδος, 2010. | ||
| 504 | |a Βιβλιογραφία: σ. 48-52 | ||
| 650 | 0 | 0 | |a Dissertations, Academic |z Greece. |
| 651 | 0 | |a Palestine |x Politics and government |y 1948- | |
| 651 | 0 | |a Palestine |x International status |x History. | |
| 700 | 1 | |a Κεφαλά, Παρασκευή. |4 ths | |
| 710 | 2 | |a Πανεπιστήμιο Αιγαίου |b Σχολή Ανθρωπιστικών Επιστημών |b Τμήμα Μεσογειακών Σπουδών |b Πρόγραμμα Μεταπτυχιακών Σπουδών Πολιτικές, Οικονομικές και Διεθνείς Σχέσεις στη Μεσόγειο. | |
| 852 | |a INST |b RHODES |c DIATR |e 20110627 |h 320.540956 ΒΟΥ |p 005400033216 |q 005400033216 |t MTXE |y 23 | ||
| 852 | |a INST |b RHODES |c DIATR |e 20110627 |h 320.540956 ΒΟΥ |p 005400033391 |q 005400033391 |t MTXE |y 23 | ||
| 856 | |u http://hdl.handle.net/11610/12266 | ||
| 901 | |a BIBL4-2011-2 | ||
| 909 | |a Ρ |b 163744 | ||
| 909 | |a Ρ |b 163745 | ||
| 924 | |a ΒΟΥΛΗ |b ΤΣΑΜΠΙΚΑ |y ΡΟΔΟΣ |z 2011-06 | ||
| 970 | |z 2010/05/ | ||